[Event "Turnier 40 / 120"]
[Site "Wien"]
[Date "2023.09.13"]
[Round "30"]
[White "Mephisto Lyon 68020"]
[Black "Novag Star Diamond"]
[Result "1-0"]
[WhiteElo "2172"]
[BlackElo "2161"]
[Annotator "Christian"]
[PlyCount "99"]
[EventDate "2023.??.??"]

{[%evp 0,99,28,11,20,27,30,-20,30,53,16,-4,0,20,18,13,16,19,19,16,22,17,1,0,0,0,0,0,53,9,40,38,78,91,99,115,125,124,157,179,185,185,200,120,139,139,187,193,193,159,157,138,222,196,223,57,33,36,38,1,62,39,32,37,54,59,65,56,56,65,69,60,77,58,62,96,96,62,86,150,193,201,193,218,269,236,247,245,290,232,238,242,241,247,242,297,278,254,360,382,468,481]} 1. Nf3 d5 {Runde 30: Damengambit Slawisch / Zu Beginn verpasst Novag Star Diamond eine Remischance, nach dem Bauernraub von Lyon 68020 12. Dxb7 hätte er die Dame einsperren können und mittels Zugwiederholung ein Remis erzwingen können. In weiterer Folge macht mich die hier gezeigte Performance einfach sprachlos, dazu fehlen mir die passenden Worte, seht es euch einfach selbst an und bildet Euch eure Meinung, das dürfte aber wohl eine ELO_Performance von 1500 kaum übersteigen, für die Kategorie dieser beiden Geräte eine Schande. Am Ende gewinnt Lyon 68020 nach ewigem hin und her macht Star Diamond einfach den Fehler zu viel. Lyon 68020 gewinnt damit erstmals eine Staffel. / Stand: 17,0 : 13,0 ---> für Novag Star Diamond (56,67 %)} 2. d4 Nf6 3. c4 c6 4. Nc3 dxc4 5. a4 Bf5 6. e3 e6 7. Bxc4 Bb4 8. O-O Nbd7 9. Nh4 {Buchende} Bg6 10. Qb3 {Buchbewertung Mephisto Lyon 68020: +0,36} a5 {Buchende} 11. Na2 Bd6 {Buchbewertung Novag Star Diamond: -0,96 / zu pessimistisch lt. Stockfish steht Weiss nur knapp besser mit ca. +0,30} 12. Qxb7 {etwas besser ist g3, nach dem Textzug ist die Stellung bereits Remis, nach Tb8 kommt die Dame nicht mehr aus und Schwarz kann eine Stellungswiederholung erzwingen} Rb8 13. Qa6 Bh5 $2 {so aber nicht, ein schlechter Zug, Stockfish -0,80, nötig war Le4} ({Stockfish dev-20230903-b25d68f6: 1)} 13... Ng4 14. g3 Nxh2 15. Re1 Bh5 16. Qxc6 g5 17. Qxd6 Rb6 18. Qa3 Qf6 19. Rf1 Nxf1 20. Ng2 Nh2 21. Kxh2 Qxf2 22. Qd3 Nf6 23. Qf1 Ng4+ 24. Kh3 Rc6 25. e4 O-O 26. Bb5 Rxc1 27. Rxc1 Qxd4 28. Be2 f5 29. exf5 Rxf5 30. Qe1 Ne5 31. Qd1 Bxe2 32. Rc8+ Rf8 33. Rxf8+ Kxf8 34. Qxd4 g4+ 35. Kh4 Nf3+ 36. Kxg4 Nxd4+ 37. Kf4 Ke7 38. Nc3 Kd6 39. Ne4+ Kc6 40. Ke3 e5 41. Ne1 Bd1 42. b4 axb4 43. Nd3 Nf5+ 44. Kd2 Bxa4 45. Nxb4+ Kd7 46. Nd3 Ke6 47. Ng5+ Kd5 48. Nxh7 Nxg3 49. Nf6+ Kd4 50. Nxe5 Ne4+ 51. Ke2 Bb5+ 52. Kd1 Nxf6 53. Nf3+ Ke4 {[%eval -2,40] [%wdl 4,990,6]}) ({Stockfish dev-20230903-b25d68f6: 2)} 13... Be4 14. Nc3 Ra8 15. Qb7 Rb8 16. Qa6 {[%eval 0,39] [%wdl 5,990,5]}) 14. f4 $2 {ein schlechter Zug, Weiss hätte ein Rückzugsfeld für die Dame schaffen müssen mittels Le2, nach dem Textzug ist die Stellung wieder im Lot} Qb6 {weniger gut, besser ist 0-0, Stockfish -0,40} 15. Nc3 c5 $2 {ein Verlustzug, Stockfish -2,40, nötig war 0-0 mit nur geringem Vorteil für Weiss} 16. Qxb6 Nxb6 17. Bb5+ Kf8 $2 {ein idiotischer Zug, der die Lage weiter verschlimmert, der König gehört natürlich nach e7, um wenigstens die Türme zu verbinden, Stockfish -3,00} 18. f5 {besser ist h3, Stockfish +2,60} cxd4 $2 {verpasst neuerlich das nötige Ke7, Stockfish -3,30} 19. exd4 Kg8 20. fxe6 {etwas besser ist h3, ändert aber nichts an der klaren Gewinnstellung für Weiss, Stockfish +3,00} fxe6 21. Bf4 $2 {ein schlechter Zug, der eine ganze Bauerneinheit einbüsst, Stockfish +2,00, deutlich stärker ist Lg5} Bxf4 22. Rxf4 Rc8 $2 {ein hirnrissiger Zug, danach geht es steil bergab, Stockfish -3,60, nötig ist natürlich das mehr als Offensichtliche Kf7, um endlich die Türme zu verbinden, jeder Mensch egal welches Rating würde das sofort ziehen ohne auch nur eine Sekunde zu überlegen, nach diesem idiotischen Zug kann man sich dann schon jeden weiteren Kommentar ersparen, es sei denn Lyon 68020 macht noch einen Megabock, hier ist aber bereits alles erledigt, das tut direkt in den Augen weh, die Lage des Turmes h8} 23. Re1 Bf7 24. Ba6 Rc7 25. Bd3 $2 {das ist schwach, deutlich besser ist T4f1, büsst mehr als eine ganze Bauerneinheit ein, Stockfish +2,30} Nc4 $2 {ein grottenschlechter Zug, spätestens danach ist alles vorbei, Stockfsih -4,00, nötig war Sbd5} 26. Nb5 Nxb2 $2 {ohne Worte} 27. Bxh7+ $2 {also dieser Zug darf doch einfach nicht wahr sein, verschenkt auf einen Schlag einfach alles, unfassbar, aber danach ist die Partie bereits Remis, Stockfish 0,00, warum um Gottes willen nicht einfach Sxc7 und Weiss gewinnt sofort mit +5,00 !!} Rxh7 28. Nxc7 Nd3 29. Rxf6 gxf6 30. Re3 Rxh4 31. Rxd3 Bg6 32. Rd2 Kf7 33. g3 Re4 34. Kf2 e5 $1 35. Nb5 Ke7 36. Kf3 Re1 37. dxe5 fxe5 {von der Bewertung her keine Katastrophe, Stockfish -0,30, auch hier sollte Schwarz noch das Remis halten, vom Grundprinzip aber natürlich nicht zu empfehlen, danach muss Schwarz einfach genau spielen, denn Weiss hat 2 geschlossene Freibauern, besser ist natürlich Txe5 und das Remis ist gesichert.} 38. g4 {besser ist Kg4, die Stellung ist im Lot} e4+ 39. Kf4 {Mephisto Lyon 68020: +1,81 ?? überschätzt hier seine Chancen masslos, Stockfish +0,20} Rf1+ $2 {ein absoluter Verlustzug, danach ist die Partie sofort verloren, Novag Star Diamond verwirft im allerletzten Moment den richtigen Zug e3 wegen einer Bewertungsdifferenz von +0,04, Stockfish -5,00} 40. Kg5 Bh7 41. Rd5 Ke6 42. Nc7+ Ke7 43. Rxa5 Bg8 44. h4 e3 45. Nd5+ {Mephisto Lyon 68020: +3,03} Bxd5 {Novag Star Diamond hat keine Ahnung von dieser Stellung, Bewertung: -0,23 ??? / Stockfish -8,00} 46. Rxd5 Ke6 47. Rd3 Rf3 48. Rd1 e2 49. Re1 Rf2 50. a5 {Rest geschenkt} 1-0

[Event "Turnier 40 / 120"]
[Site "Wien"]
[Date "2023.09.14"]
[Round "31"]
[White "Novag Star Diamond"]
[Black "Mephisto Lyon 68020"]
[Result "0-1"]
[WhiteElo "2161"]
[BlackElo "2172"]
[Annotator "Christian"]
[PlyCount "106"]
[EventDate "2023.??.??"]

{[%evp 0,106,28,-16,-33,0,-15,-18,-35,-19,-38,-19,26,0,-4,-4,-11,-2,9,-25,56,60,139,130,145,60,73,48,72,-7,-16,-28,-26,-50,-42,-81,-59,-68,-32,-62,-71,-66,-61,-66,-68,-50,-31,-38,-35,-74,-57,-50,-54,-43,-40,-37,-33,-60,-56,-41,-41,-21,-23,-27,-3,-77,-55,-71,-35,-88,-78,-168,-177,-192,-192,-273,-291,-325,-302,-337,-325,-325,-334,-343,-350,-338,-329,-343,-323,-351,-391,-343,-344,-338,-337,-447,-414,-512,-529,-648,-646,-787,-877,-687,-910,-1009,-1028,-1054,-1222]} 1. c4 e5 {Runde 31: Englisch, Vierspringer / Lyon 68020 verliert die Partie praktisch nach dem allerersten berechneten Zug mit 9. g5 ??, aber was Star Diamond dann abliefert ist einfach nur letztklassig, das muss man sagen, anstatt hier den Vorteil entsprechend auszubauen leistet er sich danach eine unglaubliche Serie von 8 einfach schlechten Zügen in Folge (Züge 12 -19) und verkehrt damit die klare Gewinnstellung in klaren Nachteil. Das Mittelspiel wird in der Folge von beiden Geräten nicht optimal behandelt und bietet Chancen für beide Seiten, was Star Diamond dann aber verzapft, anders kann man es nicht sagen ist einfach ein klarer PROGRAMMFEHLER, dafür braucht man keine Zeit zu verschwenden um nach irgendwelchen Begründungen zu suchen, nach 35. Dc4 ????? schenkt er die Partie einfach ab, danach kann man sich jeden weiteren Kommentar schenken. Star Diamond hat deutlich nachgelassen in diesem Wettkampf von den ursprünglich 7 Punkten Vorsprung nach 23 Runden bleiben nur noch 3, es könnte doch noch spannend werden, allerdings muss man schon sagen, Lyon 68020 wurde bis zur 23. Runde doch unerwartet unter Wert geschlagen, das Ergebnis nähert sich den Erwartungen. / Stand: 17,0 : 14,0 ---> für Novag Star Diamond (54,84 %)} 2. Nc3 Nf6 3. Nf3 Nc6 4. g3 Bc5 5. Bg2 a6 6. d3 d6 7. O-O O-O 8. Bg5 {Buchende} h6 {Buchende} 9. Bh4 {Buchbewertung Novag Star Diamond: +0,15} g5 $2 {Buchbewertung Mephisto Lyon 68020: +0,36 / dieser verlockend aussehende Zug geht in dieser Stellung überhaupt nicht, lt. Stockfish ist die Partie damit praktisch nach dem allerersten berechneten Zug schon verloren, Stockfish -1,80} 10. Nxg5 hxg5 11. Bxg5 d5 $1 {richtig, der einzige Zug, der noch Widerstand leisten kann, sofort verloren hätte der von Novag Star Diamond vorgeschlagene Zug Sb8 ???, mit -6,00, danach wäre bereits alles aus gewesen} 12. cxd5 $2 {die weit schwächere Schlagoption büsst eine halbe Bauerneinheit ein, Stockfish +1,30} Nd4 13. e3 $2 {ein ganz schlechter Zug, der den Vorteil von Weiss halbiert, Stockfish +0,70, nötig war Dc1} Nf5 14. Be4 $2 {das war es dann mit dem weissen Vorteil, nach der 3. Ungenauigkeit in Folge ist die Stellung bereits im Lot, Stockfish 0,00, deutlich besser ist h3} Ng7 15. Qb3 $2 {und nach der 4. Ungenauigkeit in Folge steht Schwarz bereits besser, Stockfish -0,70} Be7 16. Bxf6 $2 {[%mdl 2] und nach der 5. Ungenauigkeit in Folge steht Schwarz bereits klar besser, Stockfish -1,10, nötig war Tc1, Novag Star Diamond bewertet diese Stellung völlig falsch und sieht sich mit +1,07 klar im Vorteil} ({Stockfish dev-20230903-b25d68f6:} 16. Rac1 Rb8 17. Bxf6 Bxf6 18. Bg2 Ne8 19. Ne4 Be7 20. Rc2 b5 21. Rfc1 Rb6 22. Nd2 Bd6 23. Ne4 f5 24. Nxd6 Rxd6 25. Qc3 Qf6 26. f4 exf4 27. Qxf6 Rdxf6 28. gxf4 Rh6 {[%eval -63,31] [%wdl 0,863,137]}) 16... Bxf6 {Lyon 68020 hat die bessere Einschätzung und sieht sich nur knapp mit -0,30 im Nachteil} 17. Na4 $4 {Star Diamond hat völlig den Faden verloren, nach der 6. Ungenauigkeit !!! in Folge ist die Partie bereits verloren, Stockfish -2,00, deutlich besser ist Lg2 mit ca. -1,00} Bh3 $2 {aber verloren natürlich nur aus Sicht von Stockfish 16, für Lyon 68020 ist es natürlich noch nicht erledigt, der Textzug mehr als halbiert den Vorteil von Schwarz, Stockfish +0,80} 18. Rfc1 $2 {die 7. Ungenauigkeit in Folge !! bringt Schwarz wieder klar in Vorteil, Stockfish -1,60, deutlich besser ist Lg2} Ra7 $2 {auch nicht gerade das Gelbe vom Ei, halbiert den Vorteil von Schwarz, Stockfish +0,80, deutlich stärker ist Le7} 19. Nc5 $2 {ein völlig sinnloser Zug, wird doch sofort wieder vertrieben, die 8. Ungenauigkeit !!! in Folge bringt neuerlich Schwarz klar in Vorteil, Stockfish -1,80, nötig war wieder Lg2} b6 $1 {na klar und damit überrascht Lyon 68020 auch noch seinen Gegner, der hatte mit dem ganz schlechten Zug Le7 gerechnet, danach wäre die Stellung im Lot} 20. Na4 {der erste "normale" Zug von Star Diamond seit 8 Ungenauigkeiten, ist hier keine Kunst, da alternativlos} Bg5 {klar schwächer als Le7, Stockfish +1,20} 21. Nc3 Qd7 22. Bg2 Bxg2 23. Kxg2 Be7 24. Rd1 b5 $2 {ein schwacher Zug, danach ist Schwarz nur noch hauchdünn im Vorteil, Stockfish +0,30, deutlich stärker ist Dg4} 25. d4 exd4 26. Rxd4 Bf6 27. Rdd1 Qe7 28. a4 Rb7 29. axb5 axb5 30. Ra6 Rd8 31. Qc2 Ne8 32. Kg1 $2 {ein schlechter Zug, danach steht Schwarz klar besser, Stockfish -1,10, deutlich besser ist Se4 mit Ausgleich} b4 {besser ist Lg7, Stockfish +0,80} 33. Ne2 $4 {ein Verlustzug, der Springer gehört in die Brettmitte nach e4, Stockfish -2,00} Qe5 {ein schwacher Zug, der den Vorteil von Schwarz gleich wieder halbiert, Stockfish +1,00, deutlich stärker ist b3} 34. Qc6 $4 {ein Verlustzug, der den Nachteil von Weiss verdoppelt, nötig war b3, Stockfish -2,00} Rbb8 35. Qc4 $2 {klarer PROGRAMMFEHLER, danach ist die Partie natürlich sofort verloren, warum nicht b3 ?? ist der B-Bauer gar nichts wert oder wie ?, Stockfish -4,00, Schwarz nimmt in der Folge einfach den Bauern und hat den gewinnbringenden Freibauern auf B, danach kann man sich jeden weiteren Kommentar schenken, hier ist alles verloren} Qxb2 36. Ra2 Qe5 37. Nf4 b3 38. Ra3 b2 39. Rb1 Qf5 40. Rd3 Nd6 41. Qc2 Rb4 42. f3 Rc4 43. Qd2 Bc3 44. Qg2 Be5 45. e4 Qg5 46. h4 Qg7 47. Ne2 Rc2 48. Kh1 Rb8 49. Kg1 Nc4 50. Qf2 Rd2 51. Qa7 Rb6 52. Qa8+ Kh7 53. Rxd2 Nxd2 {Rest geschenkt} 0-1

[Event "Turnier 40 / 120"]
[Site "Wien"]
[Date "2023.09.14"]
[Round "32"]
[White "Mephisto Lyon 68020"]
[Black "Novag Star Diamond"]
[Result "0-1"]
[WhiteElo "2172"]
[BlackElo "2161"]
[Annotator "Christian"]
[PlyCount "58"]
[EventDate "2023.??.??"]

{[%evp 0,58,28,28,53,19,11,14,20,25,25,21,21,21,17,17,17,9,10,-9,-20,-13,-13,-15,-9,-54,-133,-130,-155,-184,-182,-233,-238,-237,-247,-247,-255,-277,-246,-251,-237,-271,-271,-324,-324,-354,-368,-383,-329,-317,-329,-347,-356,-397,-419,-435,-437,-438,-395,-395,-350]} 1. d4 c5 {Runde 32: Alt Benoni / In dieser Partie tappt Mephisto Lyon 68020 blind in eine gestellte Falle und bringt seinen Springer nach dem ganz schwachen Bauernraub 12. Sxh7 ?? in eine hoffnungslose Lage am Rand und mitten im feindlichen Lager, das ist dann nur noch eine Frage der Zeit bis er dort verloren geht, Star Diamond spielt genau die richtige Fortsetzung und kassiert einfach den Springer ab und gewinnt damit ganz billig diese Partie und kann die Staffel wieder ausgleichen. Stand: 18,0 : 14,0 ---> für Novag Star Diamond (56,25 %)} 2. dxc5 e6 3. Nc3 Bxc5 4. Ne4 Nf6 5. Nxc5 Qa5+ 6. c3 Qxc5 7. Nf3 {Buchende} d5 {Buchende} 8. Bg5 {Buchbewertung Mephisto Lyon 68020: +0,33} Ne4 {Buchbewertung Novag Star Diamond: +0,23 / lt. Stockfish ist die Stellung exakt im Lot, 0,00} 9. e3 Nc6 10. Bd3 Nxg5 11. Nxg5 Ne5 12. Nxh7 $2 {[%mdl 2] Lyon 68020 tappt blind in diese Falle und nimmt den vergifteten Bauern, danach ist die Partie bereits verloren, Stockfish -2,00, nötig war ganz einfach Le2 und alles ist im Lot} ({Stockfish dev-20230903-b25d68f6: 1)} 12. Be2 Nc6 13. O-O h6 14. Nf3 O-O 15. Rc1 Qe7 16. Qb3 Rd8 17. Rfd1 Bd7 18. Qc2 Rac8 19. e4 dxe4 20. Qxe4 f5 21. Qe3 e5 22. Rc2 e4 23. Nd4 Nxd4 24. Rxd4 Be6 25. Rcd2 Rxd4 26. Rxd4 Bxa2 27. Ra4 Bb3 28. Rxa7 Rd8 29. Ra5 {[%eval 10,31] [%wdl 9,988,3]}) ({Stockfish dev-20230903-b25d68f6: 2)} 12. Bc2 f6 13. Nf3 Nc4 14. Rb1 Bd7 15. Nd2 O-O-O 16. Nxc4 Qxc4 17. Qd4 e5 18. Qxc4+ dxc4 19. Rd1 Kc7 20. h4 h6 21. f3 Be6 22. Kf2 Rxd1 23. Rxd1 Rd8 24. Rxd8 Kxd8 25. f4 Kd7 26. Be4 b6 27. fxe5 fxe5 28. Kg3 Kd6 29. Bf3 Kc5 30. Bg4 Bd5 31. Kf2 Be4 {[%eval 0,31] [%wdl 5,990,5]}) 12... Nxd3+ 13. Qxd3 Qe7 14. Rd1 $2 {mehr Widerstand leistet noch h4, Stockfish -3,50} f5 15. Qb5+ Kf7 16. c4 dxc4 17. Qxc4 Rxh7 {Star Diamond spielt bis hierher genau die richtige Fortsetzung und kassiert am Ende den übermotivierten Springer einfach ab und gewinnt damit natürlich an dieser Stelle bereits die Partie, im Normalfall kann man sich hier jeden weiteren Kommentar schenken, das sollte nur noch Formsache sein, hier beende ich die Kommentare, es sei denn Star Diamond macht noch unerwartet einen Megabock, aber das ist nicht anzunehmen, auch der schwarze König steht trotz fehlender Rochade bombensicher, da sind keine Angriffspunkte vorhanden für Weiss, hoffnungslos !} 18. O-O Rh4 19. Qb5 a6 20. Qe5 Bd7 21. Rd6 Re4 22. Qc5 Rc8 23. Qb6 Rc6 24. Rxc6 Bxc6 25. a3 Rc4 26. f3 Rc2 27. Qb3 Re2 28. Qc3 Qf6 29. Qxf6+ gxf6 {nach dem Damentausch ist natürlich auch jede theoretische Chance auf Dauerschach vorbei, hier erspare ich Mephisto Lyon 68020 die unvermeidliche Hinrichtung, Userentscheid: 0-1} 0-1

[Event "Turnier 40 / 120"]
[Site "Wien"]
[Date "2023.09.15"]
[Round "33"]
[White "Novag Star Diamond"]
[Black "Mephisto Lyon 68020"]
[Result "0-1"]
[WhiteElo "2161"]
[BlackElo "2172"]
[Annotator "Christian"]
[PlyCount "94"]
[EventDate "2023.??.??"]

{[%evp 0,94,29,26,23,-10,37,21,21,0,8,6,13,13,2,-4,46,5,32,15,22,22,36,12,60,55,55,40,44,66,71,71,77,82,92,58,47,62,64,10,42,35,37,11,19,35,26,18,11,11,4,9,10,2,21,0,6,14,14,14,26,24,13,10,35,42,14,18,16,10,12,15,43,-33,0,-20,-33,-110,-110,-110,-110,-102,-102,-102,-101,-242,-279,-275,-159,-273,-275,-275,-289,-338,-399,-407,-407]} 1. d4 d5 {Runde 33: Damengambit Slawisch / Novag Star Diamond verpasst im Mittelspiel 1x die Gelegenheit in Vorteil zu gelangen, danach verläuft die Partie lange ausgeglichen, im Endspiel macht Star Diamond mit 38. Sxe6 ??? einen absoluten Verlustzug, der die Partie sofort verliert. Diese Chance nützt Lyon 68020 zum Sieg und übernimmt wieder die Führung in dieser Staffel. / Stand: 18,0 : 15,0 ---> für Novag Star Diamond (54,55 %)} 2. c4 c6 3. Nc3 dxc4 4. e4 e5 5. Nf3 exd4 6. Qxd4 Qxd4 7. Nxd4 Nf6 8. f3 Bc5 9. Be3 Nbd7 10. Bxc4 O-O 11. Kf2 Nb6 {Buchende} 12. Bb3 a5 {Buchbewertung Mephisto Lyon 68020: -0,48} 13. e5 {Buchende} Nfd5 {Novag Star Diamond hatte noch den etwas besseren Zug 13. Td8 im Buch} 14. Nxd5 {Buchbewertung Novag Star Diamond; +0,07 / lt. Stockfish steht Weiss etwas besser mit ca. +0,50} Nxd5 15. Bxd5 cxd5 16. Rac1 {etwas besser ist Sb5, nach dem Textzug kann Schwarz mittels Lxd4 in ein Turmendspiel mit ungleichen Läufern überleiten, welches schon den Keim eines Remis in sich trägt, die Stellung ist etwa gleich} b6 $2 {ein ganz schlechter Zug, danach steht Weiss bereits klar besser, Stockfish -1,30} 17. Rhd1 $2 {so aber nicht, verspielt den Grossteil des Vorteiles, Stockfish +0,30, nötig war Sb5} Re8 18. f4 Bg4 19. Rd2 Rac8 20. h3 Bd7 21. Rc3 Bb4 22. Rxc8 Rxc8 23. Rc2 {die Stellung ist im Lot, Stockfish 0,00} Rxc2+ 24. Nxc2 Bc5 25. Nd4 a4 26. Kf3 h5 27. Bf2 Kh7 28. g4 g6 29. Be3 hxg4+ 30. hxg4 Kg8 31. Bf2 b5 32. Be3 Kh7 33. a3 b4 34. axb4 Bxb4 35. f5 Bc8 36. e6 Kg7 37. Bg5 fxe6 38. Nxe6+ $2 {ein absoluter Verlustzug, danach ist die Partie sofort verloren, Stockfish -8,00, natürlich fxe6 und es ist Remis} ({Stockfish dev-20230903-b25d68f6:} 38. fxe6 Bc5 39. Be3 Be7 40. g5 Kg8 41. Nc6 Bd6 42. Bf4 a3 43. bxa3 Bxa3 44. Nd4 Kf8 45. Be5 Bc5 46. Bf6 Bxd4 47. Bxd4 Ke7 48. Bc5+ Kxe6 49. Kf4 d4 50. Bxd4 {[%eval 0,49] [%wdl 4,992,4]}) 38... Bxe6 $1 {richtig} ({Stockfish dev-20230903-b25d68f6:} 38... Bxe6 {Bewertung -6.07 bei ST 32}) 39. fxe6 Bc5 40. Ke2 Bd4 41. Kd2 Bxb2 42. Kd3 Kf8 43. Kc2 Bd4 44. Bd8 Bg7 45. Bg5 Ke8 46. Kc1 d4 47. Bd2 Ke7 {Stockfish Matt in 26 / Rest geschenkt} 0-1